Liaison bulletin.

Bibliographic Details
Corporate Author: Organisation for Economic Co-operation and Development. Development Centre
Format: Serial
Language:English
Published: Paris : O.E.C.D.
Subjects:

MARC

Tag First Indicator Second Indicator Subfields
LEADER 00000cas a2200000 4500
001 in00000048074
005 20151007065526.0
008 780522c19uu9999fr uu r i0uuua0eng d
035 |a (OCoLC)03917064 
035 |9 AAE2169AM 
040 |a COO  |c COO  |d YUS  |d TXA  |d UtOrBLW 
049 |a TXAE 
090 |a H62  |b .O74 
110 2 |a Organisation for Economic Co-operation and Development.  |b Development Centre. 
245 1 0 |a Liaison bulletin. 
246 3 3 |a Directory of development research and training institutes 
246 3 3 |a Liaison bulletin between development research and training institutes 
264 1 |a Paris :  |b O.E.C.D. 
300 |a  numbers ;  |c 27 cm. 
336 |a text  |b txt  |2 rdacontent 
337 |a unmediated  |b n  |2 rdamedia 
338 |a volume  |b nc  |2 rdacarrier 
500 |a Some nos. have title also in French. 
500 |a Some nos. have also title: Directory of development research and training institutes. 
500 |a Some nos. have also title: Liaison bulletin between development research and training institutes 
525 |a Includes supplements. 
650 0 |a Social sciences  |x Research  |x Directories. 
650 0 |a Social sciences  |x Research  |v Periodicals. 
650 0 |a Social sciences  |x Study and teaching  |x Directories. 
999 |a MARS 
999 f f |s 25323922-f6cf-33b8-8466-a0d1cbaf779a  |i 37a2abcf-6efd-3b7d-82b1-78298ec13e73  |t 0 
952 f f |p storage  |a Texas A&M University  |b J.J. Pickle Campus  |c High Density Repository  |d Remote Storage  |t 0  |e H62 .O74  |h Library of Congress classification  |i unmediated -- volume  |k 1977  |m A14840809409 
952 f f |p storage  |a Texas A&M University  |b J.J. Pickle Campus  |c High Density Repository  |d Remote Storage  |t 0  |e H62 .O74  |h Library of Congress classification  |i unmediated -- volume  |k 1970:no.1  |m A14840809522 
952 f f |p storage  |a Texas A&M University  |b J.J. Pickle Campus  |c High Density Repository  |d Remote Storage  |t 0  |e H62 .O74  |h Library of Congress classification  |i unmediated -- volume  |k 1972:no.2  |m A14840809849 
952 f f |p storage  |a Texas A&M University  |b J.J. Pickle Campus  |c High Density Repository  |d Remote Storage  |t 0  |e H62 .O74  |h Library of Congress classification  |i unmediated -- volume  |k 1974:no.3  |m A14840808916 
952 f f |p storage  |a Texas A&M University  |b J.J. Pickle Campus  |c High Density Repository  |d Remote Storage  |t 0  |e H62 .O74  |h Library of Congress classification  |i unmediated -- volume  |k 1970:no.2  |m A14840809483 
952 f f |p storage  |a Texas A&M University  |b J.J. Pickle Campus  |c High Density Repository  |d Remote Storage  |t 0  |e H62 .O74  |h Library of Congress classification  |i unmediated -- volume  |k 1973:no.1  |m A14840809807 
952 f f |p storage  |a Texas A&M University  |b J.J. Pickle Campus  |c High Density Repository  |d Remote Storage  |t 0  |e H62 .O74  |h Library of Congress classification  |i unmediated -- volume  |k 1974:no.4  |m A14840808877 
952 f f |p storage  |a Texas A&M University  |b J.J. Pickle Campus  |c High Density Repository  |d Remote Storage  |t 0  |e H62 .O74  |h Library of Congress classification  |i unmediated -- volume  |k 1975:no.3-4  |m A14840813880 
952 f f |p storage  |a Texas A&M University  |b J.J. Pickle Campus  |c High Density Repository  |d Remote Storage  |t 0  |e H62 .O74  |h Library of Congress classification  |i unmediated -- volume  |k 1974:no.1  |m A14840809920 
952 f f |p storage  |a Texas A&M University  |b J.J. Pickle Campus  |c High Density Repository  |d Remote Storage  |t 0  |e H62 .O74  |h Library of Congress classification  |i unmediated -- volume  |k 1971:no.2  |l Suppl.  |m A14840809768 
952 f f |p storage  |a Texas A&M University  |b J.J. Pickle Campus  |c High Density Repository  |d Remote Storage  |t 0  |e H62 .O74  |h Library of Congress classification  |i unmediated -- volume  |k n.s.:1982:no.8-9  |m A14808750567 
952 f f |p storage  |a Texas A&M University  |b J.J. Pickle Campus  |c High Density Repository  |d Remote Storage  |t 0  |e H62 .O74  |h Library of Congress classification  |i unmediated -- volume  |k n.s.:1979:no.1-3  |m A14809468317 
952 f f |p storage  |a Texas A&M University  |b J.J. Pickle Campus  |c High Density Repository  |d Remote Storage  |t 0  |e H62 .O74  |h Library of Congress classification  |i unmediated -- volume  |k n.s.:1983:no.10  |m A14811954138 
952 f f |p storage  |a Texas A&M University  |b J.J. Pickle Campus  |c High Density Repository  |d Remote Storage  |t 0  |e H62 .O74  |h Library of Congress classification  |i unmediated -- volume  |k n.s.:1980:no.4-5  |m A14809468260 
952 f f |p storage  |a Texas A&M University  |b J.J. Pickle Campus  |c High Density Repository  |d Remote Storage  |t 0  |e H62 .O74  |h Library of Congress classification  |i unmediated -- volume  |k 1971:no.2  |m A14840809645 
952 f f |p storage  |a Texas A&M University  |b J.J. Pickle Campus  |c High Density Repository  |d Remote Storage  |t 0  |e H62 .O74  |h Library of Congress classification  |i unmediated -- volume  |k 1970:no.4  |m A14840809564 
952 f f |p storage  |a Texas A&M University  |b J.J. Pickle Campus  |c High Density Repository  |d Remote Storage  |t 0  |e H62 .O74  |h Library of Congress classification  |i unmediated -- volume  |k 1970:no.3  |m A14840809603 
952 f f |p storage  |a Texas A&M University  |b J.J. Pickle Campus  |c High Density Repository  |d Remote Storage  |t 0  |e H62 .O74  |h Library of Congress classification  |i unmediated -- volume  |k n.s.:1981:no.6-7  |m A14807393655 
952 f f |p storage  |a Texas A&M University  |b J.J. Pickle Campus  |c High Density Repository  |d Remote Storage  |t 0  |e H62 .O74  |h Library of Congress classification  |i unmediated -- volume  |k 1976  |m A14840809441 
952 f f |p storage  |a Texas A&M University  |b J.J. Pickle Campus  |c High Density Repository  |d Remote Storage  |t 0  |e H62 .O74  |h Library of Congress classification  |i unmediated -- volume  |k 1975:no.2  |m A14840809360 
952 f f |p storage  |a Texas A&M University  |b J.J. Pickle Campus  |c High Density Repository  |d Remote Storage  |t 0  |e H62 .O74  |h Library of Congress classification  |i unmediated -- volume  |k 1972:no.1  |m A14840809726 
952 f f |p storage  |a Texas A&M University  |b J.J. Pickle Campus  |c High Density Repository  |d Remote Storage  |t 0  |e H62 .O74  |h Library of Congress classification  |i unmediated -- volume  |k 1975:no.1  |m A14840809996 
952 f f |p storage  |a Texas A&M University  |b J.J. Pickle Campus  |c High Density Repository  |d Remote Storage  |t 0  |e H62 .O74  |h Library of Congress classification  |i unmediated -- volume  |k 1971:no.1  |m A14840809687 
952 f f |p storage  |a Texas A&M University  |b J.J. Pickle Campus  |c High Density Repository  |d Remote Storage  |t 0  |e H62 .O74  |h Library of Congress classification  |i unmediated -- volume  |k 1974:no.2  |m A14840809881 
998 f f |a H62 .O74  |s n.s.no.1-10 (1979-1983)  |t 0  |l Remote Storage